|
|
|
|
| LEADER |
00000nam2a2200000 4500 |
| 001 |
192764 |
| 005 |
20231101224434.0 |
| 020 |
|
|
|a RU
|b 80-3160ж
|
| 035 |
|
|
|a (RuTPU)RU\TPU\book\210191
|
| 090 |
|
|
|a 192764
|
| 100 |
|
|
|a 20110309d1990 k y0rusy5003 ca
|
| 101 |
0 |
|
|a rus
|
| 102 |
|
|
|a UA
|
| 105 |
|
|
|a a z 001zy
|
| 200 |
0 |
|
|a Вып. 39
|
| 210 |
|
|
|d 1990
|
| 215 |
|
|
|a 105 с.
|c ил.
|
| 320 |
|
|
|a Библиография в конце статей
|
| 461 |
|
1 |
|0 (RuTPU)RU\TPU\book\200052
|t Квантовая электроника
|o республиканский межведомственный сборник научных трудов
|f Академия наук Украинской ССР (АН УССР), Институт полупроводников (ИП); отв. ред. М. П. Лисица
|v Вып. 39
|d 1966-1991
|
| 606 |
1 |
|
|a Квантовая электроника прикладная
|2 stltpush
|3 (RuTPU)RU\TPU\subj\14226
|9 40681
|
| 610 |
1 |
|
|a лазерное излучение
|
| 610 |
1 |
|
|a твердые тела
|
| 610 |
1 |
|
|a взаимодействие
|
| 610 |
1 |
|
|a перестраиваемые лазеры
|
| 610 |
1 |
|
|a гелий-селеновые лазеры
|
| 610 |
1 |
|
|a эксимерные лазеры
|
| 610 |
1 |
|
|a разряд
|
| 610 |
1 |
|
|a режимы
|
| 610 |
1 |
|
|a бифуркация
|
| 610 |
1 |
|
|a оптический пробой
|
| 610 |
1 |
|
|a острофокусированные пучки
|
| 610 |
1 |
|
|a диэлектрические волноводы
|
| 610 |
1 |
|
|a волоконные световоды
|
| 675 |
|
|
|a 621.375.8
|z rus
|v 3
|
| 801 |
|
0 |
|a RU
|b RuMRKP
|c 19950704
|g psbo
|
| 801 |
|
1 |
|a RU
|b 63413507
|c 20110309
|
| 801 |
|
2 |
|a RU
|b 63413507
|c 20150312
|g RCR
|
| 942 |
|
|
|c BK
|